| 000 | 00599cam a2200169I 4500 | ||
|---|---|---|---|
| 040 | _cCIN | ||
| 082 | _a634 FOR 1952 C282 Or. | ||
| 100 | 1 | _aMason, David Townsend, | |
| 245 | 1 | 0 |
_aForests for the future; _bthe story of sustained yield as told in the diaries and papers of David T. Mason, 1907-1950 / |
| 260 |
_aSt. Paul, _bMinnesota Historical Society, _c1952. |
||
| 300 |
_axi, 283 p. _billus. _c23 cm. |
||
| 490 | 0 | _aForest Products History Foundation series, publication no. 5 | |
| 650 | 0 | _aForest management. | |
| 650 | 0 | _aForests and forestry | |
| 700 | 1 | _aLoehr, Rodney C. | |
| 942 | _cAEDBB | ||
| 999 |
_c21459 _d21459 |
||